000 00598 a2200181 4500
999 _c4957
_d4957
010 _aENG-86675
020 _c135.00
_a8189781170
035 _aEN-70208
037 _bDBAD / PUB
082 1 4 _a611.018
100 1 _aBani Marjit
245 1 _aManual of histology, general anatomy, embryology & genetics /
_cby Bani Marjit
260 _aKolkata
_bAcademic Publishers
_c2006
270 _a5A, Bhawani Dutta Lane
_bKolkata
_e700 073
_macabooks@cal.vsnl.net.in
300 _avarious paging
_c24 cm (Pbk)
_bcolor atlas
500 _aIncludes index
942 _adpl
_cEN
_2ddc
_h611.018
_mBAN